| 000 | 00583nam a2200253Ia 4500 | ||
|---|---|---|---|
| 001 | Z_1120 | ||
| 003 | CHAP | ||
| 008 | 220113s9999 xx 000 0 und d | ||
| 010 | _a164200 | ||
| 020 | _a968-13-1405-0 | ||
| 040 | _cCHAP | ||
| 082 | _a551.5 T6 | ||
| 100 |
_aTorres Ruíz, Edmundo _9114228 |
||
| 245 |
_aAgrometeorología / _cpor Edmundo Torres Ruíz |
||
| 260 |
_aMéxico : _bDiana, _c |
||
| 300 | _a150 p. | ||
| 650 |
_aMeteorología agrícola _975217 |
||
| 901 | _a551.5 T6 | ||
| 902 | _aM | ||
| 910 | _a | ||
| 942 | _c1 | ||
| 942 | _cc1 | ||
| 999 |
_c164200 _d164200 |
||